<?xml version="1.0" encoding="UTF-8"?>
<collection xmlns="http://www.loc.gov/MARC21/slim">
<record>
  <controlfield tag="001">3020</controlfield>
  <controlfield tag="005">20170106121308.0</controlfield>
  <datafield tag="037" ind1=" " ind2=" ">
    <subfield code="a">POSTER-2017-0002</subfield>
  </datafield>
  <datafield tag="100" ind1=" " ind2=" ">
    <subfield code="a">Lefèvre, Laure</subfield>
  </datafield>
  <datafield tag="245" ind1=" " ind2=" ">
    <subfield code="a">Recovering a sunspot catalog for the 1914-1920 period from Madrid</subfield>
  </datafield>
  <datafield tag="260" ind1=" " ind2=" ">
    <subfield code="c">2016</subfield>
  </datafield>
  <datafield tag="269" ind1=" " ind2=" ">
    <subfield code="c">2016-04-04</subfield>
  </datafield>
  <datafield tag="520" ind1=" " ind2=" ">
    <subfield code="a">We provide here information on the sunspot catalogue made by M. Aguilar from 1914 to 1920. We show and explain the structure and possible errors found in this catalogue. We also try and understand the specific differences of this catalogue, i.e. explain the shortcomings and benefits of this catalogue versus other available sources of solar information. This catalogue, combined with the Valencia catalogue (Carrasco et al. 2014, 2015) presents an invaluable source of comparison with the Royal Greenwich Observatory (RGO or GPR for Greenwich Photoheliographic Results) data, and helps shed more light on the link between the RGO classification and the more modern classifications of sunspot groups found in the Zurich or McIntosh classifications. We also extend the work started by Carrasco et al. (2015) on the qualification of Cortie types.</subfield>
  </datafield>
  <datafield tag="594" ind1=" " ind2=" ">
    <subfield code="a">STCE</subfield>
  </datafield>
  <datafield tag="700" ind1=" " ind2=" ">
    <subfield code="a">Aparicio, Alejandro</subfield>
  </datafield>
  <datafield tag="700" ind1=" " ind2=" ">
    <subfield code="a">Gallego, Maricruz</subfield>
  </datafield>
  <datafield tag="700" ind1=" " ind2=" ">
    <subfield code="a">Vaquero, Jose</subfield>
  </datafield>
  <datafield tag="773" ind1=" " ind2=" ">
    <subfield code="t">Space Climate 6 Levi Finland</subfield>
  </datafield>
  <datafield tag="856" ind1="0" ind2=" ">
    <subfield code="f">laure.lefevre@observatoire.be</subfield>
  </datafield>
  <datafield tag="980" ind1=" " ind2=" ">
    <subfield code="a">CPOSTER</subfield>
  </datafield>
</record>
</collection>